|
|
|
|
| LEADER |
00889nam a2200229 a 4500 |
| 001 |
GR-MES2725 |
| 008 |
991111s gr 000 b eng d |
| 040 |
|
|
|a GrPaTEI
|b gre
|c GR-PaULI
|
| 245 |
0 |
0 |
|a Microsoft MS-DOS :
|b Operating system, macro assembler manual.
|
| 260 |
|
|
|a [χ.τ.] :
|b Microsoft Corporation,
|c c1983
|
| 300 |
|
|
|a πιν.,εικ.
|
| 650 |
|
0 |
|a MICROSOFT
|
| 650 |
|
0 |
|a MICROSOFT MS DOS
|
| 650 |
|
4 |
|a ΓΛΩΣΣΑ ΜΗΧΑΝΗΣ
|
| 650 |
|
4 |
|a ΕΓΧΕΙΡΙΔΙΑ
|
| 650 |
|
4 |
|a ΛΕΙΤΟΥΡΓΙΚΑ ΣΥΣΤΗΜΑΤΑ
|
| 650 |
|
4 |
|a ΜΕΤΑΓΛΩΤΙΣΤΗΣ
|
| 710 |
0 |
|
|a Microsoft Corporation
|
| 942 |
|
|
|2 ddc
|
| 952 |
|
|
|0 0
|1 0
|2 ddc
|4 0
|6 005_456000000000000_MIC
|7 0
|9 267152
|a MSLG
|b MSLG
|c BSC
|d 2021-01-17
|e 24
|f 0
|g 0.00
|l 0
|o 005.456 MIC
|p 2420000000580
|r 2021-01-17 00:00:00
|t 1
|w 2021-01-17
|y BK15
|x 19991111 0 1
|x GrPaTEI
|
| 971 |
|
|
|a .b25737703
|b 15-04-20
|c 13-09-16
|
| 999 |
|
|
|c 153784
|d 153784
|